[Event "Morso"]
[Site "Morso"]
[Date "2002.02.13"]
[Round "5"]
[White "Aronian, Levon"]
[Black "Berg, Klaus"]
[Result "1/2-1/2"]
[WhiteElo "2584"]
[BlackElo "2418"]
[Annotator "Hecht,H"]
[PlyCount "156"]
[EventDate "2002.02.09"]
[EventType "tourn"]
[EventRounds "9"]
[EventCountry "DEN"]
[EventCategory "10"]
[SourceTitle "CBM 088"]
[Source "ChessBase"]
[SourceDate "2002.03.21"]
[SourceVersion "1"]
[SourceVersionDate "2002.03.21"]
[SourceQuality "1"]

1. e4 c6 2. d4 d5 3. Nd2 dxe4 4. Nxe4 Bf5 5. Ng3 Bg6 6. Bc4 e6 7. N1e2 Nf6 8.
O-O Bd6 9. f4 Bf5 10. Nxf5 exf5 11. Ng3 g6 12. Re1+ Kf8 13. Bb3 Kg7 14. c4 h5
15. Bc2 Nbd7 16. Nh1 b5 17. b3 bxc4 18. bxc4 Qa5 19. Bd2 Bb4 20. Bxb4 Qxb4 21.
Ba4 Rae8 22. Rxe8 Rxe8 23. Bxc6 Qxc4 24. Bxd7 Nxd7 25. Nf2 Nf6 26. g3 Rd8 27.
Rc1 Qxa2 28. Ra1 Qb2 29. Rxa7 Rc8 30. Ra1 Rc2 31. Rb1 Qa2 32. Ra1 Qc4 33. Qe1
Qxd4 34. Rc1 Rxc1 35. Qxc1 Ng4 36. Qe1 h4 37. Kg2 Nxf2 38. Qxf2 h3+ 39. Kg1
Qa1+ 40. Qf1 Qxf1+ 41. Kxf1 {Schlechte schwarze Bauernstruktur; Bh3 ist eher
als Schwäche einzustufen. Allerdings verfügt Schwarz durch den
Doppelmehrbauern über Tempozüge.} Kf6 (41... Kh6 42. Ke2 Kh5 43. Kf3 f6 44. Ke3
Kg4 45. Ke2 g5 46. Ke3 Kh5 47. Kd4 $11) 42. Kf2 Ke6 43. Ke2 Kd5 44. Kd3 f6 {
Tempozug} 45. Ke3 Kc4 46. Ke2 Kc3 (46... Kd4 47. Kd2 Ke4 48. Ke2 g5 49. fxg5
fxg5 50. Kf2 f4 51. gxf4 gxf4 $11 {Diese Stellung ist nur für Schwarz gewonnen,
wenn sein Randbauer noch auf h7 steht (Grigorieff - siehe CBM#73 zum Endspiel
Eingorn-Slobodjan). Beachten Sie auch die weiteren Anmerkungen in CBM#88 und
die ergänzende Studie von I. Maiselis, 1955.}) 47. Ke3 Kc2 48. Ke2 g5 49. g4 $1
$11 fxg4 (49... gxf4 50. gxf5 Kc3 51. Kf3 Kd4 52. Kxf4 Kd5 53. Kg4 Ke4 54. Kxh3
Kxf5 55. Kg3 $11) 50. fxg5 g3 {noch am besten} (50... fxg5 51. Kf2 Kd3 52. Kg3
Ke3 53. Kxg4 Kf2 54. Kxh3 Kf3 {patt}) (50... f5 $6 51. Kf2 f4 52. g6 g3+ 53.
hxg3 (53. Kg1 f3 54. hxg3 h2+ 55. Kxh2 Kd2 56. g7 f2 57. g8=Q f1=Q $11) 53...
h2 54. Kg2 f3+ 55. Kxh2 Kd2 $11) 51. gxf6 gxh2 52. f7 h1=Q 53. f8=Q $11 {
Der weiße König steht dicht genug am Freibauern.} Qd1+ (53... Qg2+ 54. Qf2 $11)
54. Kf2 Qd2+ 55. Kf1 Qg2+ 56. Ke1 Qd2+ 57. Kf1 Qg2+ 58. Ke1 h2 {Dieser letzte
Gewinnversuch scheitert am Dauerschach.} 59. Qc5+ Kb1 60. Qb4+ Ka1 61. Qd4+ Kb1
62. Qb4+ Qb2 63. Qe4+ Qc2 64. Qb4+ Ka2 65. Qa5+ Kb3 66. Qb5+ Ka3 67. Qa5+ Qa4
68. Qc3+ Qb3 69. Qa5+ Kb2 70. Qd2+ Qc2 71. Qb4+ Ka1 72. Qd4+ Ka2 73. Qd5+ Ka3
74. Qa5+ Kb2 75. Qb4+ Ka1 76. Qd4+ Qb2 77. Qa4+ Kb1 78. Qe4+ Ka2 1/2-1/2

[Event "Neckar op-A 6th"]
[Site "Deizisau"]
[Date "2002.03.28"]
[Round "1"]
[White "Wallrabenstein, Udo"]
[Black "Aronian, Levon"]
[Result "0-1"]
[WhiteElo "2142"]
[BlackElo "2584"]
[PlyCount "60"]
[EventDate "2002.03.28"]
[EventType "swiss"]
[EventRounds "9"]
[EventCountry "GER"]
[SourceTitle "CBM 087 Extra"]
[Source "ChessBase"]
[SourceDate "2002.05.03"]
[SourceVersion "2"]
[SourceVersionDate "2002.08.09"]
[SourceQuality "1"]

1. c4 g6 2. Nc3 c5 3. g3 Bg7 4. Bg2 Nc6 5. Nf3 e6 6. O-O Nge7 7. a3 O-O 8. Rb1
d5 9. cxd5 exd5 10. d3 b6 11. Bd2 a5 12. Ne1 Be6 13. Nc2 d4 14. Ne4 a4 15. Bg5
f6 16. Bc1 Ba2 17. Ra1 Bd5 18. Nd2 Bxg2 19. Kxg2 f5 20. Kg1 Nd5 21. e4 dxe3 22.
fxe3 b5 23. g4 Qg5 24. Qe2 Rae8 25. e4 Nf4 26. Qd1 fxg4 27. Ne1 Nd4 28. Kh1 Nh3
29. Kg2 Qh4 30. Rxf8+ Rxf8 0-1

[Event "Neckar op-A 6th"]
[Site "Deizisau"]
[Date "2002.03.29"]
[Round "2"]
[White "Aronian, Levon"]
[Black "Seel, Christian"]
[Result "1-0"]
[WhiteElo "2584"]
[BlackElo "2239"]
[PlyCount "57"]
[EventDate "2002.03.28"]
[EventType "swiss"]
[EventRounds "9"]
[EventCountry "GER"]
[SourceTitle "CBM 087 Extra"]
[Source "ChessBase"]
[SourceDate "2002.05.03"]
[SourceVersion "2"]
[SourceVersionDate "2002.08.09"]
[SourceQuality "1"]

1. e4 d5 2. exd5 Qxd5 3. Nc3 Qa5 4. Bc4 Nf6 5. d3 c6 6. Qe2 Bf5 7. h3 e6 8. Bd2
Bb4 9. Nf3 Nd5 10. Bxd5 cxd5 11. Nd4 Bg6 12. h4 Qb6 13. h5 Bxh5 14. Rxh5 Qxd4
15. Rxd5 Qb6 16. Rb5 Qd6 17. Ne4 Bxd2+ 18. Qxd2 Qc6 19. Rc5 Qd7 20. Rc8+ Qxc8
21. Nd6+ Kd7 22. Nxc8 Rxc8 23. Qf4 Ke8 24. Qe4 Nc6 25. Qxh7 Nb4 26. Rc1 g6 27.
Kd2 Nxa2 28. Ra1 Nb4 29. Qh8+ 1-0

[Event "Neckar op-A 6th"]
[Site "Deizisau"]
[Date "2002.03.29"]
[Round "3"]
[White "Reuss, Andreas"]
[Black "Aronian, Levon"]
[Result "1/2-1/2"]
[WhiteElo "2352"]
[BlackElo "2584"]
[PlyCount "44"]
[EventDate "2002.03.28"]
[EventType "swiss"]
[EventRounds "9"]
[EventCountry "GER"]
[SourceTitle "CBM 087 Extra"]
[Source "ChessBase"]
[SourceDate "2002.05.03"]
[SourceVersion "2"]
[SourceVersionDate "2002.08.09"]
[SourceQuality "1"]

1. Nf3 g6 2. d4 Nf6 3. c3 Bg7 4. Bg5 O-O 5. Nbd2 d6 6. e3 Qe8 7. Bd3 e5 8. O-O
Nbd7 9. Qc2 h6 10. Bh4 Nh5 11. g4 Nhf6 12. h3 d5 13. e4 dxe4 14. Nxe4 Nxe4 15.
Bxe4 f5 16. gxf5 gxf5 17. Bxf5 Nc5 18. Bxc8 Qxc8 19. Nxe5 Qxh3 20. Ng6 Ne6 21.
Ne7+ Kh8 22. Ng6+ Kg8 1/2-1/2

[Event "Neckar op-A 6th"]
[Site "Deizisau"]
[Date "2002.03.30"]
[Round "5"]
[White "Hesse, Peter"]
[Black "Aronian, Levon"]
[Result "0-1"]
[WhiteElo "2314"]
[BlackElo "2584"]
[PlyCount "82"]
[EventDate "2002.03.28"]
[EventType "swiss"]
[EventRounds "9"]
[EventCountry "GER"]
[SourceTitle "CBM 087 Extra"]
[Source "ChessBase"]
[SourceDate "2002.05.03"]
[SourceVersion "2"]
[SourceVersionDate "2002.08.09"]
[SourceQuality "1"]

1. d4 Nf6 2. Nf3 c6 3. c4 d6 4. Nc3 Nbd7 5. e4 e5 6. Be2 Be7 7. O-O O-O 8. Re1
a6 9. Bf1 Qc7 10. Bg5 h6 11. Bh4 Re8 12. Rc1 Nh7 13. Bxe7 Rxe7 14. Qd2 Nhf6 15.
Rcd1 b6 16. Nh4 Nf8 17. h3 Re8 18. f4 Ne6 19. fxe5 dxe5 20. d5 Nd4 21. Qf2 c5
22. Bd3 Nh5 23. Ne2 g6 24. Nf3 Ra7 25. Rc1 Qe7 26. a3 a5 27. Rf1 Rd7 28. Kh2
Rd6 29. Nexd4 cxd4 30. c5 bxc5 31. Rxc5 a4 32. Rfc1 Bd7 33. Bf1 Qf6 34. Qh4 Rb6
35. R1c2 Qd6 36. Rc7 Kg7 37. Qe1 Reb8 38. Qc1 R6b7 39. Rxb7 Rxb7 40. Qd2 f5 41.
Bd3 Nf6 0-1

[Event "Neckar op-A 6th"]
[Site "Deizisau"]
[Date "2002.03.31"]
[Round "6"]
[White "Aronian, Levon"]
[Black "Gustafsson, Jan"]
[Result "1/2-1/2"]
[WhiteElo "2584"]
[BlackElo "2513"]
[PlyCount "38"]
[EventDate "2002.03.28"]
[EventType "swiss"]
[EventRounds "9"]
[EventCountry "GER"]
[SourceTitle "CBM 087 Extra"]
[Source "ChessBase"]
[SourceDate "2002.05.03"]
[SourceVersion "2"]
[SourceVersionDate "2002.08.09"]
[SourceQuality "1"]

1. c4 Nf6 2. Nf3 c5 3. d4 cxd4 4. Nxd4 e6 5. Nc3 Bb4 6. Ndb5 d5 7. cxd5 exd5 8.
Bg5 O-O 9. e3 Nc6 10. Be2 a6 11. Nd4 Bxc3+ 12. bxc3 Qa5 13. f3 Qxc3+ 14. Kf2
Nxd4 15. Bxf6 gxf6 16. Rc1 Qb2 17. Qxd4 Qxd4 18. exd4 Bd7 19. Rc5 Rac8 1/2-1/2

[Event "Neckar op-A 6th"]
[Site "Deizisau"]
[Date "2002.03.31"]
[Round "7"]
[White "Schlosser, Philipp"]
[Black "Aronian, Levon"]
[Result "1/2-1/2"]
[WhiteElo "2472"]
[BlackElo "2584"]
[PlyCount "109"]
[EventDate "2002.03.28"]
[EventType "swiss"]
[EventRounds "9"]
[EventCountry "GER"]
[SourceTitle "CBM 087 Extra"]
[Source "ChessBase"]
[SourceDate "2002.05.03"]
[SourceVersion "2"]
[SourceVersionDate "2002.08.09"]
[SourceQuality "1"]

1. d4 Nf6 2. c4 e6 3. Nc3 Bb4 4. Qc2 c5 5. dxc5 Qc7 6. Nf3 a6 7. g3 Qxc5 8. a3
Bxc3+ 9. Qxc3 d5 10. Bg2 b5 11. cxd5 Qxc3+ 12. bxc3 Nxd5 13. Nd2 Nc6 14. c4
Nde7 15. Bb2 O-O 16. Rc1 Bd7 17. O-O Rfd8 18. Rfd1 Rab8 19. cxb5 axb5 20. Nb3
Be8 21. Nc5 Na5 22. Rxd8 Rxd8 23. Nb7 Nxb7 24. Bxb7 Rd2 25. Bc3 Rd7 26. Be4 Rc7
27. Bd2 Rxc1+ 28. Bxc1 Nd5 29. Bd2 Bc6 30. f3 g6 31. Kf2 f5 32. Bd3 Kf7 33. h3
Nb6 34. Bc3 Ke7 35. e4 fxe4 36. fxe4 Nc4 37. a4 Nd6 38. Bb4 Kd7 39. Bxd6 Kxd6
40. axb5 Bb7 41. e5+ Kxe5 42. Ke3 Kd6 43. Be4 Bc8 44. b6 Bd7 45. b7 Kc7 46. h4
e5 47. Kf3 Ba4 48. Bd5 Bc2 49. Ke3 h6 50. Be4 Bd1 51. Kd2 Bg4 52. Kc3 g5 53.
hxg5 hxg5 54. Kc4 Be2+ 55. Kd5 1/2-1/2

[Event "Neckar op-A 6th"]
[Site "Deizisau"]
[Date "2002.04.01"]
[Round "9"]
[White "Dautov, Rustem"]
[Black "Aronian, Levon"]
[Result "1/2-1/2"]
[WhiteElo "2636"]
[BlackElo "2584"]
[PlyCount "45"]
[EventDate "2002.03.28"]
[EventType "swiss"]
[EventRounds "9"]
[EventCountry "GER"]
[SourceTitle "CBM 087 Extra"]
[Source "ChessBase"]
[SourceDate "2002.05.03"]
[SourceVersion "2"]
[SourceVersionDate "2002.08.09"]
[SourceQuality "1"]

1. d4 e6 2. c4 Nf6 3. Nf3 b6 4. g3 Ba6 5. b3 Bb4+ 6. Bd2 Be7 7. Nc3 c6 8. e4 d5
9. e5 Ne4 10. Bd3 Nxc3 11. Bxc3 c5 12. dxc5 bxc5 13. Qe2 Bb7 14. O-O d4 15. Bd2
Qc8 16. Be4 a5 17. a4 Bxe4 18. Qxe4 Qc6 19. Qd3 Nd7 20. Rfe1 Qb7 21. h4 h5 22.
Rab1 Nb8 23. Kf1 1/2-1/2

[Event "EU-ch 3rd"]
[Site "Batumi"]
[Date "2002.06.26"]
[Round "13"]
[White "Aronian, Levon"]
[Black "Jakovenko, Dmitrij"]
[Result "1-0"]
[WhiteElo "2571"]
[BlackElo "2557"]
[Annotator "Stohl,I"]
[PlyCount "103"]
[EventDate "2002.06.12"]
[EventType "swiss"]
[EventRounds "13"]
[EventCountry "GEO"]
[SourceTitle "CBM 090"]
[Source "ChessBase"]
[SourceDate "2002.09.20"]
[SourceVersion "1"]
[SourceVersionDate "2002.09.20"]
[SourceQuality "1"]

1. c4 e6 2. Nf3 Nf6 3. Nc3 c5 4. g3 b6 5. Bg2 Bb7 6. O-O Nc6 {An unusual
sideline, Black usually decides later, how to develop his Nb8.} 7. Re1 ({
Allowing simplification and therefore innocuous is} 7. d4 Nxd4 8. Nxd4 Bxg2 9.
Kxg2 (9. Nxe6 fxe6 $5 (9... dxe6 10. Kxg2 $11) 10. Kxg2 Be7 11. e4 d6 12. e5
dxe5 13. Qe2 Qc7 14. Re1 Qc6+ 15. Kg1 Nd7 16. Bg5 Bxg5 17. Qh5+ g6 18. Qxg5 O-O
19. Rad1 Rf5 20. Qe7 Rf7 21. Qh4 $44 {Bayram,Y-Morchiashvili,B/EU-ch Batumi/
2002/}) 9... cxd4 10. Qxd4 Be7 (10... Bc5 11. Qd3 d5 12. cxd5 (12. Bg5 $142 $5
$36) 12... Nxd5 13. Qb5+ Qd7 14. Qxd7+ Kxd7 15. Rd1 Kc6 16. Nxd5 exd5 17. Bf4
Rhe8 18. Kf3 Re4 19. Rac1 f6 20. Be3 a5 21. Rc2 Rae8 22. Bd4 Kd6 23. Bxc5+ $11
{1/2,Chekhov,V-Mochalov,E/Minsk/1981/}) 11. Rd1 O-O 12. b3 Qc7 13. Qd3 a6 14.
Qf3 Rac8 15. Bb2 Rfd8 16. Rac1 Qb8 17. a4 d6 18. Kg1 h6 19. Ba3 Nd7 20. Ne4 Nc5
$11 {Engqvist,T-De Firmian,N/Stockholm/1998/}) (7. b3 Be7 8. Bb2 O-O 9. e3 {
can lead to positions from the A15 index.}) ({An ambitious continuation is the
immediate} 7. e4 {White wants to spare a tempo for Re1 and aims for the
following setup:} d6 8. d4 cxd4 ({It's more difficult to prove any advantage
after} 8... e5 $142 $5 9. dxe5 dxe5 10. Qa4 Bd6 11. Nd5 O-O 12. Bg5 Be7 13.
Rad1 Nd4 $132 {Fridman,D-Totsky,L/Pardubice op/2001/}) 9. Nxd4 Nxd4 10. Qxd4
Be7 11. b3 O-O 12. Ba3 $1 Qb8 13. Rfd1 Rd8 14. Rac1 Bc6 15. h3 a6 16. Bb4 Qb7
17. Qe3 b5 18. cxb5 axb5 19. Rc2 Bf8 20. Rcd2 d5 21. Bxf8 Rxf8 22. exd5 Nxd5
23. Nxd5 Bxd5 24. Bxd5 exd5 25. Qf3 $14 {/+/-,Vaganian,R-Hellers,F/New York/
1990/}) 7... Be7 (7... Qc8 $143 8. e4 Nd4 9. e5 {[+]|^} Ng8 10. Nxd4 cxd4 11.
Bxb7 Qxb7 12. Nb5 d3 13. Re3 a6 14. Nc3 Qc7 15. Qa4 Bc5 16. Rxd3 Qxe5 17. Qxd7+
Kf8 18. Rf3 Nf6 19. Qd3 h5 20. Qe2 Qd4 21. d3 h4 22. Be3 $16 {Seppanen,
A-Boikij,I/Turku/1998/}) ({Black can give the position a totally different
character with} 7... d5 $142 $5 8. cxd5 Nxd5 9. Nxd5 Qxd5 (9... exd5 10. d4 Be7
11. dxc5 bxc5 12. Nh4 Bxh4 13. gxh4 Nd4 14. Bg5 Qd7 15. b4 Ne6 16. bxc5 Nxc5
17. Qd4 Ne6 18. Qb4 f6 19. Bd2 Kf7 20. Rab1 Bc6 21. h5 Rac8 22. Rec1 Rhe8 23.
Rb3 d4 $132 {Stern,R-Thinius,M/BL2N 9899/1999/}) 10. Qa4 Qd7 11. d3 Rd8 12. Bd2
Be7 13. Bc3 O-O 14. Qg4 f6 15. Bh3 Bc8 16. a4 e5 17. Qc4+ Qd5 18. Qxd5+ Rxd5
19. Bg2 Rdd8 20. Rec1 Be6 21. Ng5 Bd5 22. Ne6 Bxe6 23. Bxc6 a5 24. Kg2 $11 {
Stangl,M-Anastasian,A/Baden-Baden/1996/}) 8. e4 d6 (8... e5 9. d3 d6 10. Nh4
$14 {|^>>}) 9. d4 cxd4 10. Nxd4 Rc8 ({Even after the more usual immediate
exchange White can retain a pull in a similar manner as in the above Vaganian
game:} 10... Nxd4 11. Qxd4 O-O 12. b3 Qc7 13. Ba3 $5 (13. Bb2 Rfd8 14. Rad1
Rac8 15. h3 Bc6 16. Kh2 a6 17. Qe3 Ba8 18. Rd2 Nd7 19. Red1 h6 20. f4 Nc5 21.
h4 Rb8 22. Rc1 Nd7 23. Bf3 Rbc8 24. Rcd1 Rb8 25. Rc1 Rbc8 26. Kg2 Qb8 27. Qe2
Bc6 28. Rdc2 Bf6 29. Nd1 b5 $11 {<=>,Kamsky,G-De Firmian,N/Amsterdam/1996/})
13... Rfd8 14. Rad1 Qc6 15. Qe3 Bf8 16. Nb5 Ne8 17. Rd2 a6 18. Nc3 Nf6 19. Red1
Rab8 20. h3 Ba8 21. Bb4 Rd7 22. a4 Qc7 23. Kh2 h6 24. f4 Re8 25. Rd3 $36 {
(),Chuchelov,V-Makarov,M/Berlin/1996/}) 11. b3 (11. Nxc6 Bxc6 12. Bf4 Qd7 13.
Qe2 O-O 14. Rad1 Rfd8 15. e5 Ne8 16. Bxc6 Qxc6 17. Nb5 Rd7 18. exd6 Nxd6 19.
Bxd6 Bxd6 20. Rxd6 {1/2,Illescas Cordoba,M-Campora,D/ESP -chT Oropesa del Mar/
1996/} Rxd6 21. Nxa7 Qxc4 $11) 11... O-O 12. Ba3 $5 $146 {[%mdl 8] We have
already indicated above that from a3 the B exerts unpleasant pressure on
Black's setup (><d6), as it prevents Black's N from getting to c5.} (12. Bb2
Qc7 13. Rc1 Nxd4 14. Qxd4 Qb8 15. Re2 Rfd8 16. Rd1 Bf8 17. h3 Bc6 18. Qe3 Nd7
19. Nb5 a6 20. Nd4 Ba8 21. a4 Re8 22. Rde1 Nc5 23. Kh2 Bb7 24. f4 Rcd8 25. f5
g6 $5 $13 {Hernandez Montalvo,I-Esplana,C/Lima/2000/}) (12. Be3 a6 13. Rc1 Nxd4
14. Bxd4 Nd7 15. Qd2 Qc7 16. Red1 $11 {1/2,Vekshenkov,N-Poluljahov,A/URS-ch sf
Voronezh/1991/}) 12... Qd7 {Black wants to avoid any tactical surprises.} (
12... a6 13. e5 $5 (13. Nxc6 Bxc6 14. Qd2 {[%cal Ya3b4,Ya1d1] /\Rad1,Bb4+/=
etc.}) 13... Ne8 (13... dxe5 $2 14. Nxc6 Bxc6 15. Qxd8 $18) 14. Na4 $36) 13.
Nxc6 Qxc6 14. Nb5 (14. Qd3 a6 15. Bb4 Nd7 $5 {/\Nc5=}) 14... Ra8 15. Qe2 Rfd8
16. Rad1 Ne8 17. Nd4 (17. Rd2 a6 18. Nc3 Bf6 19. Bb2 Nc7 20. f4 Qc5+ 21. Qf2
Rab8 $132) 17... Qc7 18. Nb5 Qc6 19. Nc3 Bf6 20. Rd3 Nc7 21. Nd1 $1 (21. f4 $2
Bxc3 22. Rxc3 Nb5 $1 $17) 21... b5 22. Ne3 $14 {[%cal Re4e5] /\e5 White has
redeployed his N to protect c4 and g2.} bxc4 (22... Qa6 23. Bxd6 (23. Bb4 bxc4
24. Nxc4 d5 $132) 23... Rxd6 24. cxb5 Nxb5 25. Rxd6 Nxd6 26. Qxa6 Bxa6 27. e5
Rd8 28. exf6 gxf6 29. Rd1 $14) 23. Nxc4 d5 24. e5 (24. Na5 Qb6 25. Nxb7 Qxb7
26. exd5 Nxd5 $14 {/= In the game White wants more and tries to profit from
his d6-outpost.}) 24... Bg5 25. Qh5 Bh6 26. Nd6 {[%csl Gd6]} Rd7 27. Rd4 Qc3 $5
(27... Nb5 28. Rc4 $1 Qb6 29. Rg4 Nxd6 (29... Bd2 30. Rd1 Nxd6 (30... Be3 31.
Ne4 $1 Kh8 32. Rxg7 $1 Kxg7 33. Nf6 $18) 31. Rxd2 Nf5 32. Be4 $36) 30. exd6 (
30. Bxd6 Bd2 $13) 30... Kf8 (30... Kh8 $2 31. Qxh6 $1 $16) 31. Bc1 $1 f5 32.
Qxh6 $1 fxg4 (32... gxh6 33. Bxh6+ Ke8 34. Rg8+ Kf7 35. Rg7+ Kf6 36. Rxd7 $18)
33. Qxe6 $40) 28. Red1 Ba6 29. Bb4 Qc2 {[%cal Ra6e2] /\Be2} 30. Bf3 Nb5 (30...
Qg6 31. Qxg6 hxg6 32. Bg4 $16 {/\} Nb5 $2 33. Rxd5 $1) 31. Rg4 Nxd6 32. exd6 (
32. Bxd6 Kh8 $13) 32... Kh8 (32... Kf8 33. Qe5 {[%cal Rb4d2] /\Bd2!}) (32...
Bc1 $5 {/\Bb2~~}) 33. Qe5 {[%csl Rg7] ><g7} Re8 $6 (33... Qxa2 34. Ra1 (34. Bc3
Qxb3 $11) 34... Qxb3 35. Bc3 Bc4 36. Bd1 Qb8 37. Rxg7 (37. Qxg7+ Bxg7 38. Bxg7+
Kg8 39. Bh6+ $11) 37... f6 38. Qxe6 Rxg7 39. Qxf6 Qe8 40. Qxh6 d4 $13) 34. Bd2
$1 f5 (34... f6 35. Qh5 {[%csl Re8][%cal Rd2h6] /\Bh6+/-}) (34... Qf5 35. Qxf5
exf5 36. Rd4 $16 (36. Ra4 $16)) 35. Rd4 $16 {[%csl Re5,Re6] ><e5,e6 White
forced an advance of the Pf7, which crucially weakened Black's [+].} Bxd2 36.
R4xd2 Qc8 $8 (36... Qc6 37. Rxd5) 37. Re1 {[%cal Rd2d5,Rf3d5] /\Rd5,Bd5} Qd8 (
37... Rdd8 $2 38. Bh5 $1 $18) (37... Red8 38. Qxe6 Rxd6 39. Qxc8 Bxc8 40. Rxd5
$1 $16 {/+-}) 38. Rxd5 $6 {Premature, the exchange of B eases Black's defence.}
(38. Bh5 $142 $1 Rf8 39. Qxe6 Rxd6 40. Qe7 $36) (38. Rdd1 Bb7 $5 (38... Rxd6
39. Rxd5 $16) 39. Bxd5 Rxd6 40. Bf3 Rxd1 $132 {/\} 41. Rxd1 $2 Bxf3 $1 42. Rxd8
Rxd8 $19) (38. Bxd5 Rxd6 39. Rdd1 Qb8 $1 $132) 38... Bb7 39. Rd3 Bxf3 40. Rxf3
Rxd6 41. Qc5 Rd1 (41... Qb8 42. Rfe3 Rc8 $14) 42. Rfe3 Qd2 (42... f4 $142 $5
43. gxf4 Rxe1+ 44. Rxe1 Qd2 $132) 43. Rxd1 Qxd1+ 44. Kg2 $14 Qd7 $6 {Passive
defence enables White to penetrate decisively.} (44... f4 $5 45. gxf4 Qg4+ 46.
Rg3 Qxf4 47. Qxa7 $14) 45. Rc3 h6 (45... e5 $5) 46. Qc6 Qe7 $2 (46... Qxc6+ 47.
Rxc6 Re7 $16) 47. Rd3 Qf8 48. Rd7 e5 (48... a5 49. Ra7 $18) 49. Rxa7 e4 (49...
Kh7 50. Qd5 $18) 50. Qg6 $18 {[%cal Ra7f7,Rf7g7] /\Rf7,Rg7} f4 51. Rxg7 f3+ 52.
Kh3 (52. Kh3 Qxg7 53. Qxe8+ Kh7 54. Qxe4+ $18) 1-0

[Event "Bayern-chI Bank Hofmann 6th"]
[Site "Bad Wiessee"]
[Date "2002.10.27"]
[Round "2"]
[White "Rau, Juergen"]
[Black "Aronian, Levon"]
[Result "0-1"]
[WhiteElo "2205"]
[BlackElo "2581"]
[Annotator "Teske,H"]
[PlyCount "76"]
[EventDate "2002.10.26"]
[EventType "swiss"]
[EventRounds "9"]
[EventCountry "GER"]
[SourceTitle "EXT 2003"]
[Source "ChessBase"]
[SourceDate "2002.11.25"]
[SourceVersion "1"]
[SourceVersionDate "2002.11.25"]
[SourceQuality "1"]

1. Nf3 Nf6 2. c4 e6 3. Nc3 d5 4. d4 dxc4 5. Bg5 Bb4 6. a3 Bxc3+ 7. bxc3 Qd5 $5
8. Bxf6 gxf6 9. Nd2 Nd7 10. e4 Qa5 {[#]} 11. Qf3 $2 (11. Qc1 {führt zum
Rückgewinn des Bc4, wonach der Favorit es schwer gehabt hätte.} b5 $140 $6 12.
a4 $14) 11... b5 12. e5 Rb8 {Nun sieht man den gewaltigen Unterschied. Schwarz
hat den Gegner nun weit in der Entwicklung überflügelt.} 13. exf6 Bb7 14. Qg3
Nxf6 15. Qe5 Qxc3 16. Rd1 Ke7 17. Qc5+ Kd7 18. Qxb5+ Bc6 19. Qxc4 Qxa3 20. Rc1
Qd6 21. Qc2 Rhg8 22. f3 Bd5 23. Qa4+ Bc6 24. Qxa7 Rb2 25. Qc5 Qxc5 26. Rxc5 Bd5
27. Rb5 Ra2 28. Rb1 Ke7 29. g3 Rga8 30. Bc4 Rc2 31. Bd3 Rc3 32. Ke2 Raa3 33.
Be4 Re3+ 34. Kf2 Bxe4 35. fxe4 Ng4+ 36. Kf1 Red3 37. Ke2 Rxd4 38. Rhc1 Re3+ 0-1

[Event "Bayern-chI Bank Hofmann 6th"]
[Site "Bad Wiessee"]
[Date "2002.10.28"]
[Round "3"]
[White "Aronian, Levon"]
[Black "Hermann, Manfred"]
[Result "1-0"]
[WhiteElo "2581"]
[BlackElo "2338"]
[PlyCount "65"]
[EventDate "2002.10.26"]
[EventType "swiss"]
[EventRounds "9"]
[EventCountry "GER"]
[SourceTitle "EXT 2003"]
[Source "ChessBase"]
[SourceDate "2002.11.25"]
[SourceVersion "1"]
[SourceVersionDate "2002.11.25"]
[SourceQuality "1"]

1. c4 c6 2. Nf3 Nf6 3. Nc3 d5 4. d4 dxc4 5. e4 b5 6. e5 Nd5 7. a4 e6 8. Ng5 h6
9. Nge4 b4 10. Nb1 Ba6 11. Nbd2 Nf4 12. Qg4 c3 13. Nc4 Bxc4 14. Bxc4 cxb2 15.
Bxb2 Nd5 16. a5 h5 17. Qg3 Nd7 18. O-O g6 19. Rfc1 Bh6 20. Nd6+ Kf8 21. Qf3 Qe7
22. Rc2 Kg7 23. Bb3 Nb8 24. Bxd5 cxd5 25. Bc1 Bxc1 26. Raxc1 Nd7 27. Rc7 Rhd8
28. Nb7 Re8 29. R1c6 Rab8 30. Qe3 b3 31. Qxb3 Red8 32. h3 Qh4 33. Qe3 1-0

[Event "Bayern-chI Bank Hofmann 6th"]
[Site "Bad Wiessee"]
[Date "2002.10.29"]
[Round "4"]
[White "Szabo, Zsolt Jozsef"]
[Black "Aronian, Levon"]
[Result "1/2-1/2"]
[WhiteElo "2453"]
[BlackElo "2581"]
[PlyCount "85"]
[EventDate "2002.10.26"]
[EventType "swiss"]
[EventRounds "9"]
[EventCountry "GER"]
[SourceTitle "EXT 2003"]
[Source "ChessBase"]
[SourceDate "2002.11.25"]
[SourceVersion "1"]
[SourceVersionDate "2002.11.25"]
[SourceQuality "1"]

1. e4 e5 2. Nf3 Nc6 3. Bb5 Nf6 4. O-O Nxe4 5. Re1 Nd6 6. Nxe5 Be7 7. Bf1 Nxe5
8. Rxe5 O-O 9. d4 Bf6 10. Re1 Re8 11. Rxe8+ Nxe8 12. c3 a5 13. Bd3 d5 14. Bf4
c6 15. Nd2 Nd6 16. Qc2 g6 17. a4 Bf5 18. Bxd6 Bxd3 19. Qxd3 Qxd6 20. Re1 Qc7
21. g3 Qd7 22. Kg2 h5 23. h4 Kg7 24. Qc2 b6 25. Nf3 Rb8 26. Qb3 Qc7 27. Re2 Qb7
28. Re3 Qc8 29. Ne5 Rb7 30. Nd3 Rb8 31. Ne5 Qc7 32. Nf3 Qd6 33. Re2 Bd8 34. Ne5
Bc7 35. Re3 Re8 36. Qc2 Re6 37. Rf3 Rf6 38. Qd3 Rxf3 39. Nxf3 Qe6 40. Qa6 Qe4
41. Qc8 Bd6 42. Qd7 Bb8 43. Qc8 1/2-1/2

[Event "Bayern-chI Bank Hofmann 6th"]
[Site "Bad Wiessee"]
[Date "2002.10.30"]
[Round "5"]
[White "Aronian, Levon"]
[Black "Siegel, Georg"]
[Result "1-0"]
[WhiteElo "2581"]
[BlackElo "2443"]
[PlyCount "79"]
[EventDate "2002.10.26"]
[EventType "swiss"]
[EventRounds "9"]
[EventCountry "GER"]
[SourceTitle "EXT 2003"]
[Source "ChessBase"]
[SourceDate "2002.11.25"]
[SourceVersion "1"]
[SourceVersionDate "2002.11.25"]
[SourceQuality "1"]

1. e4 c5 2. Nc3 Nc6 3. Bb5 Nd4 4. Ba4 e6 5. Nf3 Ne7 6. O-O Nec6 7. Bxc6 Nxc6 8.
d4 cxd4 9. Nxd4 Be7 10. Ndb5 O-O 11. Bf4 e5 12. Be3 b6 13. Qd2 Bc5 14. Rfd1 a6
15. Bxc5 bxc5 16. Nd6 Nd4 17. Nd5 Rb8 18. c3 Ne6 19. b3 Bb7 20. Qe2 Ba8 21. Qg4
Qg5 22. Qxg5 Nxg5 23. f3 f6 24. Nc7 Ne6 25. Nxe6 dxe6 26. Nc4 Rfd8 27. Nb2 Kf7
28. Na4 c4 29. Nc5 Rbc8 30. b4 a5 31. Rxd8 Rxd8 32. bxa5 Rc8 33. Na4 Rc7 34.
Nb6 Bb7 35. Rb1 Ba6 36. Na4 Ra7 37. Nc5 Ke7 38. Rb6 Bc8 39. a6 Rc7 40. Rb7 1-0